<?xml version="1.0" encoding="UTF-8"?><?xml-stylesheet type="text/xsl" href="static/style.xsl"?><OAI-PMH xmlns="http://www.openarchives.org/OAI/2.0/" xmlns:xsi="http://www.w3.org/2001/XMLSchema-instance" xsi:schemaLocation="http://www.openarchives.org/OAI/2.0/ http://www.openarchives.org/OAI/2.0/OAI-PMH.xsd"><responseDate>2026-06-03T10:50:57Z</responseDate><request verb="GetRecord" identifier="oai:riuma.uma.es:10630/34123" metadataPrefix="marc">https://riuma.uma.es/rest/oai/request</request><GetRecord><record><header><identifier>oai:riuma.uma.es:10630/34123</identifier><datestamp>2026-02-03T11:31:50Z</datestamp><setSpec>com_10630_2254</setSpec><setSpec>col_10630_37953</setSpec></header><metadata><record xmlns="http://www.loc.gov/MARC21/slim" xmlns:dcterms="http://purl.org/dc/terms/" xmlns:doc="http://www.lyncode.com/xoai" xmlns:xsi="http://www.w3.org/2001/XMLSchema-instance" xsi:schemaLocation="http://www.loc.gov/MARC21/slim http://www.loc.gov/standards/marcxml/schema/MARC21slim.xsd">
   <leader>00925njm 22002777a 4500</leader>
   <datafield ind2=" " ind1=" " tag="042">
      <subfield code="a">dc</subfield>
   </datafield>
   <datafield ind2=" " ind1=" " tag="720">
      <subfield code="a">Ordóñez-Casado, María Iluminada</subfield>
      <subfield code="e">author</subfield>
   </datafield>
   <datafield ind2=" " ind1=" " tag="260">
      <subfield code="c">2018</subfield>
   </datafield>
   <datafield ind2=" " ind1=" " tag="520">
      <subfield code="a">En la sentencia que se comenta el Tribunal Supremo mantiene lo repetido en el resto de sentencias respecto a que el mero hecho de un cambio de baremo no es causa para realizar una nueva valoración, pero lo novedoso, ahora, es que llega a la conclusión de que el grado de discapacidad que acredita el actor a la hora de solicitar la jubilación debe retrotraerse hasta la fecha de la primera valoración ya que, al no existir agravamiento ni error de diagnóstico, no ha existido la posibilidad de solicitar una nueva revisión de la valoración tal como recoge el RD 1723/81 en base al cual se le acreditó la discapacidad. Esto es, el solicitante siempre tuvo las mismas patologías desde que contrajo su enfermedad por ese mismo hecho, al no haber existido nunca agravamiento, el nuevo porcentaje determinado debe retrotraerse a la primera evaluación ya que la patología es la misma que entonces</subfield>
   </datafield>
   <datafield ind1="8" ind2=" " tag="024">
      <subfield code="a">ISSN 0213-0750</subfield>
   </datafield>
   <datafield ind1="8" ind2=" " tag="024">
      <subfield code="a">https://hdl.handle.net/10630/34123</subfield>
   </datafield>
   <datafield tag="653" ind2=" " ind1=" ">
      <subfield code="a">Jubilación anticipada</subfield>
   </datafield>
   <datafield tag="653" ind2=" " ind1=" ">
      <subfield code="a">Minusválidos</subfield>
   </datafield>
   <datafield tag="653" ind2=" " ind1=" ">
      <subfield code="a">Seguridad social</subfield>
   </datafield>
   <datafield ind2="0" ind1="0" tag="245">
      <subfield code="a">Jubilación anticipada por discapacidad: Sentencia del Tribunal Supremo de 19 de diciembre de 2017 (Rcud 3950/2015)</subfield>
   </datafield>
</record>
</metadata></record></GetRecord></OAI-PMH>